000 01275nam0a22002291 4500
001 rc\447783
005 20250621090523.0
035 _a(NLR Aleph) 005693083
090 _a7196967
_c7196967
100 _a20030616d1987 |||y0rusy50 ca
101 0 _arus
102 _aRU
105 _aa |||||||||
200 1 _aСОВЕРШЕНСТВОВАНИЕ технологических схем применения оборудования и средств борьбы с пылью на добычных участках угольных шахт
_eМетод. разраб.
_fМ-во угол. пром-сти СССР, Ин-т повышения квалификации руководящих работников и специалистов. Каф. техники безопасности, охраны труда и природы
_g[Сост. к. т. н. Губайловский А.Г.]
210 _aЛюберцы
_cИн-т повышения квалификации руководящих работников и специалистов Минуглепрома СССР
_d1987
215 _a36 с.
_cил.
_d20
320 _aБиблиогр.: с. 34-35
801 0 _aRU
_bNLR
_gpsbo
801 1 _aRU
_bELAR
_2rusmarc
852 _aNLR
_j88-4/6298
942 _cBOOK
980 _aNB